000 00560nam a22002297a 4500
003 UA-OsUOA
001 39582
007 ta
008 20060622b un ||||| |||| 00| 0 ukr d
100 _aКлайн Б.
090 _a530
_bК47
942 _cBK
040 _aUA-OsUOA
_brus
_cUA-OsUOA
_dUA-OsUOA
245 _aВ поисках физики и квантовая теория
300 _a288 с.
955 _a1
041 _arus
080 _a530
260 _aМ.
_bАтомиздат
_c1971
650 7 _a53 Фізика
_2UDC
999 _c325723
_d325723